000
00316nam a2200133Ia 4500
008
230917s9999||||xx |||||||||||||| ||und||
040
_e
146191
_a
MAIN
041
_a
English
082
_a
350.1 S19L
100
_a
Sahib Singh
245
0
_a
LOk padadhi kari tatha vitayo prashasan
300
_a
290p. p.
942
_c
BK
999
_c
96115
_d
96115